[Event "SVK-ch Open 2018"]
[Site "Banska Stiavnica"]
[Date "2018.07.11"]
[Round "5"]
[White "Pereszlenyi, Gejza"]
[Black "Pniaczek, Marek"]
[Result "0-1"]
[WhiteElo "1899"]
[BlackElo "2082"]
[Annotator "NA"]
[PlyCount "108"]
[EventDate "2018.07.07"]
[EventType "swiss"]
[EventCountry "SVK"]
[SourceTitle "playchess.com"]
[Source "ChessBase"]
[SourceQuality "1"]
[TimeControl "40/5400+30:1800+30"]

1. d4 {[%emt 0:00:21]} d5 {[%emt 0:00:00]} 2. Nf3 {[%emt 0:00:35]} Nf6 {[%emt 0:00:00]} 3. Bf4 {[%emt 0:00:40]} c5 {[%emt 0:00:00]} 4. e3 {[%emt 0:00:41]} Qb6 {[%emt 0:00:00]} 5. Nc3 {[%emt 0:01:58]} Bd7 {[%emt 0:00:15]} 6. Rb1 {[%emt 0:06:28]} e6 {[%emt 0:00:51]} 7. Be2 {[%emt 0:01:22]} Bd6 {[%emt 0:00:24]} 8. Ne5 {[%emt 0:01:16]} O-O {[%emt 0:00:18]} 9. O-O {[%emt 0:02:21]} Rc8 {[%emt 0:00:25]} 10. Re1 {[%emt 0:01:57]} Be8 {[%emt 0:01:26]} 11. a3 $11 {[%emt 0:07:40]} a6 {[%emt 0:03:18]} 12. Bg3 {[%emt 0:07:23]} Nfd7 {[%emt 0:08:56]} 13. Na4 {[%emt 0:26:11]} Qc7 {[%emt 0:02:00]} 14. Nxd7 {[%emt 0:03:32]} Nxd7 {[%emt 0:02:47]} 15. Bxd6 {[%emt 0:02:26]} Qxd6 {[%emt 0:00:13]} 16. Nxc5 {[%emt 0:00:37]} Nxc5 {[%emt 0:00:07]} 17. dxc5 {[%emt 0:00:07]} Qxc5 {[%emt 0:04:52]} 18. c3 {[%emt 0:00:50]} b5 {[%emt 0:11:32]} 19. Qd4 {[%emt 0:00:48]} a5 {[%emt 0:01:44]} 20. Ra1 {[%emt 0:09:10]} Rab8 {[%emt 0:04:26]} 21. Rec1 {[%emt 0:06:37]} b4 {[%emt 0:07:06]} 22. Qxc5 {[%emt 0:00:15]} Rxc5 {[%emt 0:00:06]} 23. cxb4 {[%emt 0:00:07]} Rxc1+ {[%emt 0:00:10]} 24. Rxc1 {[%emt 0:00:12]} axb4 {[%emt 0:00:03]} 25. axb4 {[%emt 0:02:47]} Rxb4 {[%emt 0:01:43]} 26. Rc2 {[%emt 0:00:36]} Kf8 {[%emt 0:00:40]} 27. f4 {[%emt 0:00:38]} Ba4 {[%emt 0:02:51]} 28. Rd2 {[%emt 0:00:52]} Ke7 {[%emt 0:01:47]} 29. Kf2 {[%emt 0:00:29]} Bc6 {[%emt 0:08:33]} 30. g4 {[%emt 0:03:20]} Kd6 {[%emt 0:02:33]} 31. Bd3 {[%emt 0:02:47]} h6 {[%emt 0:02:13]} 32. h4 {[%emt 0:03:27]} g5 {[%emt 0:06:36]} 33. hxg5 {[%emt 0:02:50]} hxg5 {[%emt 0:00:29]} 34. Kg3 {[%emt 0:00:08]} f6 {[%emt 0:01:26]} 35. fxg5 {[%emt 0:01:44]} fxg5 {[%emt 0:00:05]} 36. Be2 {[%emt 0:00:50]} e5 {[%emt 0:02:51]} 37. Bf3 {[%emt 0:00:30]} Rb3 {[%emt 0:01:42]} 38. Kf2 {[%emt 0:00:09]} Kc5 {[%emt 0:01:32]} 39. Rc2+ {[%emt 0:00:48]} Kb6 {[%emt 0:00:43]} 40. Bd1 {[%emt 0:00:06]} Rb4 {[%emt 0:01:08]} 41. b3 {[%emt 0:30:29]} Bd7 {[%emt 0:32:10]} 42. Rd2 {[%emt 0:00:38]} Kc5 {[%emt 0:01:16]} 43. Kg3 {[%emt 0:00:53]} Bb5 {[%emt 0:00:00]} 44. Rc2+ {[%emt 0:00:00]} Kd6 {[%emt 0:00:00]} 45. Rc8 {[%emt 0:00:00]} Re4 {[%emt 0:00:00]} 46. Rg8 {[%emt 0:00:00]} Rxe3+ {[%emt 0:00:00]} 47. Kf2 {[%emt 0:00:00]} Rd3 {[%emt 0:00:00]} 48. Ke1 {[%emt 0:00:00]} Kc5 {[%emt 0:00:00]} 49. Rxg5 {[%emt 0:00:00]} Kd4 {[%emt 0:00:00]} 50. Rg8 {[%emt 0:00:00]} Rh3 {[%emt 0:00:00]} 51. Rb8 {[%emt 0:00:00]} Ke3 {[%emt 0:00:21]} 52. Rg8 Kd4 53. Kf2 e4 54. g5 Ke5 0-1

[Event "SVK-ch Open 2018"]
[Site "Banska Stiavnica"]
[Date "2018.07.11"]
[Round "5"]
[White "Komlosi, Frantisek"]
[Black "Budinsky, Martin"]
[Result "0-1"]
[WhiteElo "1861"]
[BlackElo "1985"]
[Annotator "NA"]
[PlyCount "92"]
[EventDate "2018.07.07"]
[EventType "swiss"]
[EventCountry "SVK"]
[SourceTitle "playchess.com"]
[Source "ChessBase"]
[SourceQuality "1"]
[TimeControl "40/5400+30:1800+30"]

1. d4 {[%emt 0:00:00]} Nf6 {[%emt 0:00:00]} 2. Nf3 {[%emt 0:00:21]} e6 {[%emt 0:00:16]} 3. g3 {[%emt 0:03:14]} b6 {[%emt 0:00:38]} 4. Bg2 {[%emt 0:00:53]} Bb7 {[%emt 0:00:05]} 5. O-O {[%emt 0:02:36]} Be7 {[%emt 0:00:27]} 6. c4 {[%emt 0:03:36]} c5 {[%emt 0:02:26]} 7. e3 {[%emt 0:07:27]} O-O {[%emt 0:01:01]} 8. Nc3 {[%emt 0:01:00]} a6 {[%emt 0:00:19]} 9. b3 {[%emt 0:06:24]} Qc7 {[%emt 0:01:19]} 10. Bb2 {[%emt 0:03:03]} d6 {[%emt 0:02:32]} 11. d5 {[%emt 0:08:46]} exd5 {[%emt 0:01:59]} 12. cxd5 {[%emt 0:05:25]} b5 {[%emt 0:00:26]} 13. Nh4 {[%emt 0:03:05]} Re8 {[%emt 0:01:24]} 14. Nf5 {[%emt 0:03:26]} Bf8 {[%emt 0:00:24]} 15. e4 {[%emt 0:10:45]} Nbd7 {[%emt 0:00:26]} 16. Re1 {[%emt 0:01:18]} g6 {[%emt 0:00:46]} 17. Nh4 {[%emt 0:01:54]} Bg7 {[%emt 0:03:13]} 18. Qd2 {[%emt 0:04:54]} Rac8 {[%emt 0:03:14]} 19. Rac1 {[%emt 0:04:51]} Qb6 {[%emt 0:03:21]} 20. Nb1 {[%emt 0:01:06]} a5 {[%emt 0:10:31]} 21. Na3 {[%emt 0:03:24]} Ba6 {[%emt 0:01:31]} 22. h3 {[%emt 0:01:12]} c4 {[%emt 0:12:46]} 23. Bd4 {[%emt 0:04:55]} Nc5 {[%emt 0:00:27]} 24. bxc4 {[%emt 0:00:38]} b4 {[%emt 0:00:21]} 25. Nb5 {[%emt 0:06:39]} Bxb5 {[%emt 0:03:11]} 26. cxb5 {[%emt 0:00:10]} Qxb5 {[%emt 0:00:39]} 27. Kh2 {[%emt 0:10:30]} Qd3 {[%emt 0:19:44]} 28. Qxd3 {[%emt 0:01:36]} Nxd3 {[%emt 0:01:24]} 29. Rxc8 {[%emt 0:00:09]} Rxc8 {[%emt 0:00:06]} 30. Re2 {[%emt 0:00:53]} Nc1 {[%emt 0:04:19]} 31. Rd2 {[%emt 0:00:25]} a4 {[%emt 0:00:16]} 32. f4 {[%emt 0:00:27]} b3 {[%emt 0:01:33]} 33. e5 {[%emt 0:00:19]} Ne8 {[%emt 0:01:35]} 34. Be4 {[%emt 0:00:27]} Nxa2 {[%emt 0:06:09]} 35. Bb2 {[%emt 0:00:35]} Nc3 {[%emt 0:02:17]} 36. Bd3 {[%emt 0:00:50]} dxe5 {[%emt 0:06:09]} 37. fxe5 {[%emt 0:00:14]} Bh6 {[%emt 0:00:19]} 38. Rg2 {[%emt 0:00:47]} Nxd5 {[%emt 0:00:22]} 39. Nf3 {[%emt 0:00:28]} Bf8 {[%emt 0:01:30]} 40. Nd4 {[%emt 0:00:32]} a3 {[%emt 0:00:53]} 41. Bxa3 {[%emt 0:30:39]} Bxa3 {[%emt 0:30:22]} 42. e6 {[%emt 0:00:00]} fxe6 {[%emt 0:00:00]} 43. Nxe6 {[%emt 0:00:00]} b2 {[%emt 0:00:00]} 44. Rf2 {[%emt 0:00:00]} Nef6 {[%emt 0:00:00]} 45. g4 {[%emt 0:00:00]} Re8 {[%emt 0:00:00]} 46. Ng5 Re1 0-1

[Event "SVK-ch Open 2018"]
[Site "Banska Stiavnica"]
[Date "2018.07.11"]
[Round "5"]
[White "Bango, Dominik"]
[Black "Pericka, Tomas"]
[Result "1-0"]
[WhiteElo "1835"]
[BlackElo "1975"]
[Annotator "NA"]
[PlyCount "71"]
[EventDate "2018.07.07"]
[EventType "swiss"]
[EventCountry "SVK"]
[SourceTitle "playchess.com"]
[Source "ChessBase"]
[SourceQuality "1"]
[TimeControl "40/5400+30:1800+30"]

1. e4 {[%emt 0:00:00]} c5 {[%emt 0:00:00]} 2. Nf3 {[%emt 0:00:00]} Nc6 {[%emt 0:00:00]} 3. d4 {[%emt 0:00:00]} cxd4 {[%emt 0:00:00]} 4. Nxd4 {[%emt 0:00:00]} g6 {[%emt 0:00:00]} 5. Nc3 {[%emt 0:00:00]} Bg7 {[%emt 0:00:00]} 6. Be3 {[%emt 0:00:03]} Nf6 {[%emt 0:00:03]} 7. Bc4 {[%emt 0:00:07]} Qa5 {[%emt 0:00:19]} 8. O-O {[%emt 0:00:27]} O-O {[%emt 0:00:05]} 9. Bb3 {[%emt 0:00:59]} d6 {[%emt 0:00:49]} 10. f3 {[%emt 0:01:13]} Bd7 {[%emt 0:01:35]} 11. Nd5 {[%emt 0:01:44]} Nxd5 {[%emt 0:04:13]} 12. exd5 {[%emt 0:02:00]} Ne5 {[%emt 0:00:08]} 13. c3 {[%emt 0:03:35]} Rac8 {[%emt 0:02:48]} 14. Qe2 {[%emt 0:02:38]} b5 {[%emt 0:04:25]} 15. Nc2 {[%emt 0:03:03]} Bf5 {[%emt 0:04:18]} 16. Rfd1 {[%emt 0:03:27]} Nc4 {[%emt 0:01:39]} 17. Nd4 {[%emt 0:04:59]} Nxe3 {[%emt 0:11:44]} 18. Qxe3 {[%emt 0:00:41]} b4 {[%emt 0:07:07]} 19. Nc6 {[%emt 0:05:25]} Rxc6 {[%emt 0:00:06]} 20. dxc6 {[%emt 0:00:05]} bxc3 {[%emt 0:00:31]} 21. bxc3 {[%emt 0:00:53]} Bxc3 {[%emt 0:02:04]} 22. Rac1 {[%emt 0:01:52]} Be5 {[%emt 0:05:46]} 23. g4 {[%emt 0:04:23]} Bc8 {[%emt 0:00:18]} 24. f4 {[%emt 0:01:58]} Bf6 {[%emt 0:01:23]} 25. g5 {[%emt 0:00:47]} Bb2 {[%emt 0:00:09]} 26. Rc2 {[%emt 0:01:05]} Ba3 {[%emt 0:00:05]} 27. Qxe7 {[%emt 0:08:02]} Bc5+ {[%emt 0:00:15]} 28. Kg2 {[%emt 0:01:54]} Bg4 {[%emt 0:03:58]} 29. Rd5 {[%emt 0:02:34]} Qb5 {[%emt 0:05:17]} 30. Rcxc5 {[%emt 0:05:52]} dxc5 {[%emt 0:00:25]} 31. Rd8 {[%emt 0:00:40]} Bh3+ {[%emt 0:03:11]} 32. Kg3 {[%emt 0:00:50]} Rxd8 {[%emt 0:00:14]} 33. Qxd8+ {[%emt 0:00:06]} Kg7 {[%emt 0:00:04]} 34. Qf6+ {[%emt 0:00:07]} Kg8 {[%emt 0:00:04]} 35. Qxf7+ {[%emt 0:00:06]} Kh8 {[%emt 0:00:05]} 36. Qg8# {[%emt 0:00:04]} 1-0

[Event "SVK-ch Open 2018"]
[Site "Banska Stiavnica"]
[Date "2018.07.11"]
[Round "5"]
[White "Kebis, Milos"]
[Black "Sandor, Martin"]
[Result "0-1"]
[WhiteElo "1828"]
[BlackElo "1968"]
[Annotator "NA"]
[PlyCount "82"]
[EventDate "2018.07.07"]
[EventType "swiss"]
[EventCountry "SVK"]
[SourceTitle "playchess.com"]
[Source "ChessBase"]
[SourceQuality "1"]
[TimeControl "40/5400+30:1800+30"]

1. c4 {[%emt 0:04:32]} e5 {[%emt 0:00:00]} 2. Nc3 {[%emt 0:00:16]} Nf6 {[%emt 0:00:00]} 3. Nf3 {[%emt 0:00:31]} Nc6 {[%emt 0:00:02]} 4. d4 {[%emt 0:04:03]} exd4 {[%emt 0:00:45]} 5. Nxd4 {[%emt 0:00:10]} Bb4 {[%emt 0:00:53]} 6. e3 {[%emt 0:03:11]} O-O {[%emt 0:02:33]} 7. Be2 {[%emt 0:00:42]} d5 {[%emt 0:03:22]} 8. O-O {[%emt 0:03:22]} Re8 {[%emt 0:05:21]} 9. a3 {[%emt 0:05:57]} Bxc3 {[%emt 0:01:14]} 10. bxc3 {[%emt 0:00:12]} Ne5 {[%emt 0:04:40]} 11. cxd5 {[%emt 0:10:34]} Nxd5 {[%emt 0:01:06]} 12. Bb2 {[%emt 0:01:24]} Nb6 {[%emt 0:08:15]} 13. Qb3 {[%emt 0:00:58]} Be6 {[%emt 0:07:29]} 14. Nxe6 {[%emt 0:05:24]} Rxe6 {[%emt 0:01:31]} 15. c4 {[%emt 0:00:30]} Qe7 {[%emt 0:14:50]} 16. a4 {[%emt 0:04:49]} c5 {[%emt 0:03:47]} 17. Qc3 {[%emt 0:07:06]} f6 {[%emt 0:01:45]} 18. a5 {[%emt 0:00:34]} Nbd7 {[%emt 0:01:23]} 19. Rad1 {[%emt 0:00:19]} Rd8 {[%emt 0:06:30]} 20. Rd5 {[%emt 0:01:44]} Rd6 {[%emt 0:03:29]} 21. Rxd6 {[%emt 0:07:34]} Qxd6 {[%emt 0:00:09]} 22. Rd1 {[%emt 0:00:08]} Qc7 {[%emt 0:00:56]} 23. f4 {[%emt 0:05:56]} Nc6 {[%emt 0:04:18]} 24. Bg4 {[%emt 0:03:54]} Nf8 {[%emt 0:02:00]} 25. Rd5 {[%emt 0:07:15]} Nb4 {[%emt 0:03:32]} 26. Rd2 {[%emt 0:04:14]} Qxa5 {[%emt 0:03:15]} 27. h4 {[%emt 0:00:12]} Rxd2 {[%emt 0:03:05]} 28. Qxd2 {[%emt 0:00:05]} Qa2 {[%emt 0:01:06]} 29. Qc3 {[%emt 0:01:52]} Qb1+ {[%emt 0:01:15]} 30. Kh2 {[%emt 0:00:59]} Nd3 {[%emt 0:04:23]} 31. Bf5 {[%emt 0:03:04]} Qxb2 {[%emt 0:00:52]} 32. Qxd3 {[%emt 0:00:06]} g6 {[%emt 0:03:04]} 33. Qd5+ {[%emt 0:00:08]} Kg7 {[%emt 0:00:17]} 34. Be4 {[%emt 0:00:05]} Qb6 {[%emt 0:05:00]} 35. Bf3 {[%emt 0:04:47]} Qc7 {[%emt 0:01:08]} 36. h5 {[%emt 0:03:38]} b6 {[%emt 0:01:08]} 37. Qa8 {[%emt 0:01:56]} Qe7 {[%emt 0:01:00]} 38. e4 {[%emt 0:01:32]} Ne6 {[%emt 0:01:11]} 39. Kg3 {[%emt 0:03:35]} Qc7 {[%emt 0:01:04]} 40. Kh2 Qe7 41. g3 Nd4 0-1

[Event "SVK-ch Open 2018"]
[Site "Banska Stiavnica"]
[Date "2018.07.12"]
[Round "6"]
[White "Aczel, Gergely"]
[Black "Pacher, Milan"]
[Result "1-0"]
[WhiteElo "2543"]
[BlackElo "2467"]
[Annotator "ChessBase"]
[PlyCount "57"]
[EventDate "2018.07.07"]
[EventType "swiss"]
[EventCountry "SVK"]
[SourceTitle "playchess.com"]
[Source "ChessBase"]
[SourceQuality "1"]
[TimeControl "40/5400+30:1800+30"]

1. d4 {[%emt 0:00:00]} Nf6 {[%emt 0:00:37]} 2. c4 {[%emt 0:02:00]} e6 {[%emt 0:00:08]} 3. Nc3 {[%emt 0:00:09]} Bb4 {[%emt 0:00:06]} 4. e3 {[%emt 0:00:06]} O-O {[%emt 0:00:07]} 5. Bd2 {[%emt 0:00:04]} b6 {[%emt 0:00:15]} 6. Bd3 {[%emt 0:00:14]} Bb7 {[%emt 0:00:08]} 7. Nf3 {[%emt 0:00:07]} d6 {[%emt 0:00:26]} 8. O-O {[%emt 0:00:13]} Nbd7 {[%emt 0:00:07]} 9. a3 {[%emt 0:00:42]} Bxc3 {[%emt 0:00:07]} 10. Bxc3 {[%emt 0:00:05]} Ne4 {[%emt 0:00:24]} 11. Be1 {[%emt 0:08:54]} f5 {[%emt 0:00:32]} 12. Nd2 {[%emt 0:01:25]} Qf6 {[%emt 0:08:39]} 13. f3 {[%emt 0:14:08]} Nxd2 {[%emt 0:01:43]} 14. Bxd2 {[%emt 0:02:29]} e5 {[%emt 0:01:27]} 15. d5 {[%emt 0:17:36]} Rae8 {[%emt 0:15:22]} 16. b4 {[%emt 0:05:16]} Bc8 {[%emt 0:01:03]} 17. Rc1 {[%emt 0:08:27]} f4 {[%emt 0:08:38]} 18. Qa4 {[%emt 0:04:39]} Qh6 {[%emt 0:07:34]} 19. Rce1 {[%emt 0:09:58]} g5 {[%emt 0:03:29]} 20. Qxa7 {[%emt 0:01:44]} Qh5 {[%emt 0:03:44]} 21. exf4 {[%emt 0:03:17]} gxf4 {[%emt 0:00:22]} 22. Qxc7 {[%emt 0:02:49]} Rf6 {[%emt 0:00:12]} 23. Rf2 {[%emt 0:00:20]} Kh8 {[%emt 0:02:52]} 24. c5 {[%emt 0:03:19]} Rg8 {[%emt 0:01:20]} 25. c6 {[%emt 0:04:30]} Nf8 {[%emt 0:00:48]} 26. Qxc8 {[%emt 0:00:54]} Rh6 {[%emt 0:01:18]} 27. h3 {[%emt 0:02:19]} Ne6 {[%emt 0:00:36]} 28. Qxg8+ {[%emt 0:00:48]} Kxg8 {[%emt 0:00:05]} 29. dxe6 {[%emt 0:00:06]} 1-0

[Event "SVK-ch Open 2018"]
[Site "Banska Stiavnica"]
[Date "2018.07.12"]
[Round "6"]
[White "Bokros, Albert"]
[Black "Jozefek, Michal"]
[Result "1-0"]
[WhiteElo "2483"]
[BlackElo "2182"]
[Annotator "TA"]
[PlyCount "39"]
[EventDate "2018.07.07"]
[EventType "swiss"]
[EventCountry "SVK"]
[SourceTitle "playchess.com"]
[Source "ChessBase"]
[SourceQuality "1"]

{[%evp 14,39,35,2,20,0,35,20,72,46,124,112,132,108,148,147,151,170,258,262,427,424,747,732,1022,720,1391,1283]} 1. e4 e5 2. Nf3 Nf6 3. d4 Nxe4 4. Bd3 d5 5. dxe5 Be7 6. O-O Nc5 7. Be2 {C43: Petroff Defence: 3 d4} (7. Nc3 c6 8. Bf4 O-O 9. Bg3 Nxd3 10. Qxd3 Na6 11. Nd4 f5 12. exf6 Bxf6 13. Rae1 Nb4 14. Qd2 Bxd4 15. Qxd4 Nxc2 {0-1 (55) Amonatov,F (2624)-Mosadeghpour,M (2518) Ahvaz 2018}) 7... Nc6 8. Be3 {LiveBook: 7 Games} Ne6 9. c3 {The position is equal.} a6 $146 ({Predecessor:} 9... O-O 10. Nbd2 f6 11. exf6 Bxf6 12. Re1 a5 13. Qc2 d4 14. cxd4 Ncxd4 15. Nxd4 Nxd4 16. Bxd4 Qxd4 {½-½ (30) Schneider,H (1959)-Thoma,E (1873) GER email 2012}) 10. Nbd2 g5 (10... Nf8 $11 {remains equal.}) 11. Nb3 $16 g4 ({Better is} 11... Ng7 $14) 12. Nfd4 {[%cal Bf3d4,Bd4f5,Bf5h6][%mdl 32]} Nxe5 13. Nf5 ({Resist} 13. Bxg4 Nxd4 14. Bxd4 (14. Qxd4 Bf6 $17) 14... Bxg4 $14) 13... c6 14. Bxg4 Rg8 15. Bh5 Nf8 (15... Bf8 {keeps fighting.} 16. Re1 Qf6) 16. Nh6 $18 Rg7 $2 {[#]} (16... Rg6 17. Bxg6 hxg6) 17. f4 {[%cal Bf2f4,Bf4e5][%mdl 32] White is clearly winning.} Bh3 (17... Nc4 $142) 18. fxe5 Rxg2+ 19. Kh1 Qc8 20. Bxf7+ {Precision: White = 86%, Black = 19%.} 1-0

[Event "SVK-ch Open 2018"]
[Site "Banska Stiavnica"]
[Date "2018.07.12"]
[Round "6"]
[White "Talla, Vladimir"]
[Black "Hrbek, Stepan"]
[Result "1-0"]
[WhiteElo "2402"]
[BlackElo "2129"]
[Annotator "NA"]
[PlyCount "51"]
[EventDate "2018.07.07"]
[EventType "swiss"]
[EventCountry "SVK"]
[SourceTitle "playchess.com"]
[Source "ChessBase"]
[SourceQuality "1"]
[TimeControl "40/5400+30:1800+30"]

1. Nf3 {[%emt 0:02:40]} d5 {[%emt 0:00:39]} 2. d4 {[%emt 0:00:04]} Nf6 {[%emt 0:00:00]} 3. c4 {[%emt 0:00:04]} dxc4 {[%emt 0:00:00]} 4. e3 {[%emt 0:00:14]} e6 {[%emt 0:00:00]} 5. Bxc4 {[%emt 0:00:05]} c5 {[%emt 0:00:20]} 6. O-O {[%emt 0:00:07]} Nc6 {[%emt 0:00:05]} 7. Nc3 {[%emt 0:00:24]} a6 {[%emt 0:00:52]} 8. a4 {[%emt 0:03:36]} Be7 {[%emt 0:07:26]} 9. Qe2 {[%emt 0:01:30]} cxd4 {[%emt 0:01:05]} 10. Rd1 {[%emt 0:00:12]} O-O {[%emt 0:04:48]} 11. exd4 {[%emt 0:00:21]} Nb4 {[%emt 0:10:47]} 12. Ne5 {[%emt 0:02:18]} Nfd5 {[%emt 0:14:23]} 13. Ne4 {[%emt 0:07:53]} f5 {[%emt 0:12:30]} 14. Nc3 {[%emt 0:03:47]} Bf6 {[%emt 0:04:44]} 15. Ra3 {[%emt 0:22:49]} Qd6 {[%emt 0:05:04]} 16. Nxd5 {[%emt 0:11:09]} Nxd5 {[%emt 0:02:34]} 17. Rh3 {[%emt 0:01:48]} g6 {[%emt 0:06:39]} 18. Bh6 {[%emt 0:08:06]} Rd8 {[%emt 0:04:45]} 19. Qd2 {[%emt 0:11:23]} Qb4 {[%emt 0:07:08]} 20. Qc2 {[%emt 0:06:04]} b5 {[%emt 0:03:33]} 21. Bxd5 {[%emt 0:01:06]} exd5 {[%emt 0:08:03]} 22. Nc6 {[%emt 0:00:08]} Qxa4 {[%emt 0:00:16]} 23. b3 {[%emt 0:00:18]} Qa3 {[%emt 0:00:09]} 24. Nxd8 {[%emt 0:00:25]} Bxd8 {[%emt 0:00:03]} 25. Qc6 {[%emt 0:00:19]} Rb8 {[%emt 0:02:09]} 26. Qe8+ {[%emt 0:00:12]} 1-0

[Event "SVK-ch Open 2018"]
[Site "Banska Stiavnica"]
[Date "2018.07.12"]
[Round "6"]
[White "Jablonicky, Martin"]
[Black "Bakalar, Jan"]
[Result "1-0"]
[WhiteElo "2356"]
[BlackElo "1998"]
[Annotator "NA"]
[PlyCount "116"]
[EventDate "2018.07.07"]
[EventType "swiss"]
[EventCountry "SVK"]
[SourceTitle "playchess.com"]
[Source "ChessBase"]
[SourceQuality "1"]
[TimeControl "40/5400+30:1800+30"]

1. e4 {[%emt 0:20:19]} d5 {[%emt 0:00:04]} 2. exd5 {[%emt 0:00:33]} Nf6 {[%emt 0:00:18]} 3. d4 {[%emt 0:00:35]} Nxd5 {[%emt 0:00:34]} 4. Nf3 {[%emt 0:00:41]} g6 {[%emt 0:01:03]} 5. c4 {[%emt 0:00:30]} Nb6 {[%emt 0:00:23]} 6. Nc3 {[%emt 0:00:11]} Bg7 {[%emt 0:01:42]} 7. c5 {[%emt 0:01:30]} Nd5 {[%emt 0:00:27]} 8. Bc4 {[%emt 0:00:18]} Nxc3 {[%emt 0:07:08]} 9. bxc3 {[%emt 0:00:06]} O-O {[%emt 0:00:44]} 10. O-O {[%emt 0:00:25]} Bg4 {[%emt 0:07:58]} 11. h3 {[%emt 0:02:06]} Bxf3 {[%emt 0:01:48]} 12. Qxf3 {[%emt 0:00:07]} c6 {[%emt 0:13:17]} 13. Re1 {[%emt 0:05:27]} Nd7 {[%emt 0:09:24]} 14. Rb1 {[%emt 0:02:46]} b5 {[%emt 0:00:49]} 15. cxb6 {[%emt 0:03:10]} Nxb6 {[%emt 0:00:11]} 16. Bb3 {[%emt 0:00:53]} Qd7 {[%emt 0:05:24]} 17. Ba3 {[%emt 0:01:15]} Bf6 {[%emt 0:02:41]} 18. Re2 {[%emt 0:01:24]} Kg7 {[%emt 0:02:56]} 19. Rbe1 {[%emt 0:00:17]} Rae8 {[%emt 0:00:42]} 20. Bc5 {[%emt 0:06:01]} Nd5 {[%emt 0:05:54]} 21. c4 {[%emt 0:02:22]} Nb6 {[%emt 0:01:09]} 22. a4 {[%emt 0:04:18]} Nc8 {[%emt 0:07:10]} 23. a5 {[%emt 0:03:07]} Qc7 {[%emt 0:03:54]} 24. Ba4 {[%emt 0:13:24]} Rd8 {[%emt 0:02:30]} 25. Bxc6 {[%emt 0:07:44]} Bxd4 {[%emt 0:00:55]} 26. Bxd4+ {[%emt 0:06:53]} Rxd4 {[%emt 0:01:08]} 27. Bd5 {[%emt 0:06:59]} Qf4 {[%emt 0:03:59]} 28. Qc3 {[%emt 0:01:04]} Qf6 {[%emt 0:00:10]} 29. g3 {[%emt 0:01:57]} Rf4 {[%emt 0:04:55]} 30. Qxf6+ {[%emt 0:00:50]} Rxf6 {[%emt 0:00:06]} 31. c5 {[%emt 0:03:41]} Rf5 {[%emt 0:01:01]} 32. Re5 {[%emt 0:00:27]} Rxe5 {[%emt 0:05:37]} 33. Rxe5 {[%emt 0:00:05]} e6 {[%emt 0:00:09]} 34. Bb7 {[%emt 0:00:06]} Ne7 {[%emt 0:00:43]} 35. c6 {[%emt 0:00:20]} Rd8 {[%emt 0:03:52]} 36. Rc5 {[%emt 0:00:06]} Rd5 {[%emt 0:02:07]} 37. Rc1 {[%emt 0:00:58]} Rxa5 {[%emt 0:00:43]} 38. c7 {[%emt 0:00:11]} h5 {[%emt 0:01:58]} 39. c8=Q {[%emt 0:03:28]} Nxc8 {[%emt 0:00:01]} 40. Bxc8 {[%emt 0:01:48]} h4 {[%emt 0:00:33]} 41. g4 {[%emt 0:30:22]} g5 {[%emt 0:31:17]} 42. Bb7 {[%emt 0:00:00]} f5 {[%emt 0:00:00]} 43. Bc8 {[%emt 0:00:00]} fxg4 {[%emt 0:00:00]} 44. hxg4 {[%emt 0:00:00]} Kf6 {[%emt 0:00:00]} 45. Rc6 {[%emt 0:00:00]} Re5 {[%emt 0:00:00]} 46. Ra6 {[%emt 0:00:00]} Re4 {[%emt 0:00:00]} 47. f3 {[%emt 0:00:00]} Rc4 {[%emt 0:00:00]} 48. Bxe6 {[%emt 0:00:00]} Rc1+ {[%emt 0:00:00]} 49. Kg2 {[%emt 0:00:00]} Rc2+ {[%emt 0:00:00]} 50. Kh3 {[%emt 0:00:00]} Ke5 {[%emt 0:00:00]} 51. Bf5 {[%emt 0:00:00]} Rc7 {[%emt 0:00:00]} 52. Ra4 {[%emt 0:00:00]} Rg7 {[%emt 0:00:00]} 53. f4+ {[%emt 0:00:00]} gxf4 {[%emt 0:00:00]} 54. Re4+ {[%emt 0:00:00]} Kd5 {[%emt 0:00:00]} 55. Rxf4 {[%emt 0:00:00]} Kc5 {[%emt 0:00:00]} 56. Kxh4 {[%emt 0:00:00]} a5 {[%emt 0:00:00]} 57. g5 {[%emt 0:00:00]} Ra7 {[%emt 0:00:00]} 58. Bc2 {[%emt 0:00:00]} Kd5 1-0

[Event "SVK-ch Open 2018"]
[Site "Banska Stiavnica"]
[Date "2018.07.12"]
[Round "6"]
[White "Vojtek, Vladimir"]
[Black "Bronis, Marian"]
[Result "1-0"]
[WhiteElo "2310"]
[BlackElo "2101"]
[Annotator "NA"]
[PlyCount "35"]
[EventDate "2018.07.07"]
[EventType "swiss"]
[EventCountry "SVK"]
[SourceTitle "playchess.com"]
[Source "ChessBase"]
[SourceQuality "1"]
[TimeControl "40/5400+30:1800+30"]

1. e4 {[%emt 0:06:00]} Nc6 {[%emt 0:00:00]} 2. d4 {[%emt 0:00:35]} d5 {[%emt 0:00:10]} 3. Nc3 {[%emt 0:01:10]} e6 {[%emt 0:13:14]} 4. Nf3 {[%emt 0:03:11]} Bb4 {[%emt 0:10:59]} 5. e5 {[%emt 0:03:15]} b6 {[%emt 0:05:45]} 6. Bd3 {[%emt 0:02:30]} Bb7 {[%emt 0:03:57]} 7. O-O {[%emt 0:01:20]} Qd7 {[%emt 0:00:56]} 8. Ne2 {[%emt 0:02:51]} a5 {[%emt 0:09:18]} 9. b3 {[%emt 0:02:54]} Ba6 {[%emt 0:00:50]} 10. c4 {[%emt 0:00:58]} a4 {[%emt 0:10:30]} 11. cxd5 {[%emt 0:07:23]} Qxd5 {[%emt 0:03:27]} 12. Nf4 {[%emt 0:01:11]} Qa5 {[%emt 0:00:17]} 13. Bxa6 {[%emt 0:19:56]} Rxa6 {[%emt 0:02:05]} 14. d5 {[%emt 0:00:48]} Nd8 {[%emt 0:01:12]} 15. Qd3 {[%emt 0:11:33]} Ne7 {[%emt 0:04:46]} 16. a3 {[%emt 0:08:57]} axb3 {[%emt 0:01:57]} 17. Bb2 {[%emt 0:00:08]} Bc5 {[%emt 0:01:19]} 18. dxe6 {[%emt 0:00:54]} 1-0